INTRODUCTION TO SOCIOLOGY FOR NURSING STUDENTS (Record no. 24805)

MARC details
000 -LEADER
fixed length control field 00417nam a22001697a 4500
003 - CONTROL NUMBER IDENTIFIER
control field SGT
020 ## - INTERNATIONAL STANDARD BOOK NUMBER
International Standard Book Number 9789384765873
082 ## - DEWEY DECIMAL CLASSIFICATION NUMBER
Classification number 301
Item number I22S
100 ## - MAIN ENTRY--PERSONAL NAME
Personal name SHARMA, PREM
245 ## - TITLE STATEMENT
Title INTRODUCTION TO SOCIOLOGY FOR NURSING STUDENTS
250 ## - EDITION STATEMENT
Edition statement 2ND
260 ## - PUBLICATION, DISTRIBUTION, ETC. (IMPRINT)
Place of publication, distribution, etc INDIA
Name of publisher, distributor, etc LOTUS PUB
Year of Publication 2022
300 ## - PAGE DESCRIPTION
No. of Pages 340
650 ## - SUBJECT ADDED ENTRY--TOPICAL TERM
Topical term or geographic name as entry element SOCIOLOGY
653 ## - KEYWORDS--INDEX TERM
Keyword term INTRODUCTION TO SOCIOLOGY FOR NURSING STUDENTS
942 ## - ADDED ENTRY ELEMENTS (KOHA)
Source of classification or shelving scheme Dewey Decimal Classification
Koha item type Books
942 ## - ADDED ENTRY ELEMENTS (KOHA)
-- 136
Holdings
Withdrawn status Lost status Source of classification or shelving scheme Damaged status Not for loan Collection code Home library Current library Shelving location Date acquired Vendor Name Cost, normal purchase price SGTU Bill Number Full call number Accession No. (Barcode) Date last seen Bill Date Koha item type Total Checkouts Date last borrowed Checked out Total Renewals
    Dewey Decimal Classification   Not For Loan NURSING SGT Medical Library SGT Medical Library Text Book 19/08/2023 ABC DELHI 330.00 SGTU 16927 301 I22S FN4881 19/08/2023 20/06/2023 Books        
    Dewey Decimal Classification     NURSING SGT Medical Library SGT Medical Library Text Book 19/08/2023 ABC DELHI 330.00 SGTU 16927 301 I22S FN4882 10/01/2026 20/06/2023 Books 23 15/12/2025    
    Dewey Decimal Classification     NURSING SGT Medical Library SGT Medical Library Text Book 19/08/2023 ABC DELHI 330.00 SGTU 16927 301 I22S FN4883 20/01/2026 20/06/2023 Books 20 25/12/2025    
    Dewey Decimal Classification     NURSING SGT Medical Library SGT Medical Library Text Book 19/08/2023 ABC DELHI 330.00 SGTU 16927 301 I22S FN4884 09/12/2025 20/06/2023 Books 20 09/12/2025    
    Dewey Decimal Classification     NURSING SGT Medical Library SGT Medical Library Text Book 19/08/2023 ABC DELHI 330.00 SGTU 16927 301 I22S FN4885 13/05/2026 20/06/2023 Books 23 13/05/2026 27/05/2026  
    Dewey Decimal Classification     NURSING SGT Medical Library SGT Medical Library Text Book 19/08/2023 ABC DELHI 330.00 SGTU 16927 301 I22S FN4886 19/01/2024 20/06/2023 Books 8 19/01/2024 02/02/2024 1
    Dewey Decimal Classification     NURSING SGT Medical Library SGT Medical Library Text Book 19/08/2023 ABC DELHI 330.00 SGTU 16927 301 I22S FN4887 10/01/2026 20/06/2023 Books 18 23/12/2025    
    Dewey Decimal Classification     NURSING SGT Medical Library SGT Medical Library Text Book 19/08/2023 ABC DELHI 330.00 SGTU 16927 301 I22S FN4888 10/01/2026 20/06/2023 Books 15 10/01/2026    
    Dewey Decimal Classification     NURSING SGT Medical Library SGT Medical Library Text Book 19/08/2023 ABC DELHI 330.00 SGTU 16927 301 I22S FN4889 10/01/2026 20/06/2023 Books 18 25/12/2025    
    Dewey Decimal Classification     NURSING SGT Medical Library SGT Medical Library Text Book 19/08/2023 ABC DELHI 330.00 SGTU 16927 301 I22S FN4890 06/04/2026 20/06/2023 Books 22 02/04/2026